[Event "Moscow Open A 2015"]
[Site "Moscow RUS"]
[Date "2015.02.05"]
[Round "6.33"]
[White "Tsydypov, Zhamsaran"]
[Black "Vlassov, Nikolai"]
[Result "1/2-1/2"]
[WhiteTitle "FM"]
[BlackTitle "IM"]
[WhiteElo "2398"]
[BlackElo "2493"]
[WhiteFideId "4108566"]
[BlackFideId "4103360"]
[EventDate "2015.01.31"]

1. e4 Nc6 2. Nf3 d5 3. exd5 Qxd5 4. Nc3 Qa5 5. Bb5 Bd7 6. a3 Nf6 7. O-O a6 8. b4
Qb6 9. Bc4 Bg4 10. h3 Bxf3 11. Qxf3 Ne5 12. Qe2 Nxc4 13. Qxc4 e6 14. d3 Be7 15.
Be3 Qd6 16. Bf4 Qd7 17. Ne4 Nd5 18. Be5 O-O 19. Qb3 f6 20. Bh2 f5 21. Nc5 Bxc5
22. bxc5 f4 23. Rfe1 Qc6 24. d4 b5 25. cxb6 cxb6 26. c4 Nc7 27. Rac1 Rf6 28. Qd3
Raf8 29. Qe4 Qxe4 30. Rxe4 g5 31. g3 b5 32. cxb5 Nxb5 33. Rc6 Rd8 34. gxf4 gxf4
35. Rcxe6 Rxe6 36. Rxe6 Nxd4 37. Rxa6 Nf3+ 38. Kg2 Nh4+ 39. Kf1 f3 40. Rd6 Rc8
41. Rd1 Rc2 42. Ra1 Nf5 43. a4 Nd4 44. Bf4 Rc4 45. Be3 Nc2 46. Ra2 Nb4 47. Rb2
Nd5 48. Bd2 Rxa4 49. Rb3 Rd4 50. Ke1 Re4+ 51. Kd1 Kg7 52. Rxf3 Kg6 53. Rg3+ Kf6
54. Bh6 Nc7 55. Rf3+ Kg6 56. Be3 Ne6 57. Kd2 h6 58. Rg3+ Kh5 59. f4 Nxf4 60.
Bxf4 Rxf4 61. Ke3 1/2-1/2

[Event "Moscow Open A 2015"]
[Site "Moscow RUS"]
[Date "2015.02.05"]
[Round "6.34"]
[White "Matsenko, Sergei"]
[Black "Appolonov, Sergey"]
[Result "1-0"]
[WhiteTitle "IM"]
[BlackTitle "IM"]
[WhiteElo "2489"]
[BlackElo "2370"]
[WhiteFideId "4170083"]
[BlackFideId "4116291"]
[EventDate "2015.01.31"]

1. Nf3 c5 2. c4 g6 3. d4 cxd4 4. Nxd4 Nc6 5. e4 Nf6 6. Nc3 d6 7. Be2 Nxd4 8.
Qxd4 Bg7 9. Be3 O-O 10. Qd2 Be6 11. Rc1 Qa5 12. f3 Rfc8 13. b3 a6 14. Na4 Qxd2+
15. Kxd2 Nd7 16. g4 Rc7 17. h4 f5 18. gxf5 gxf5 19. Rhg1 Kf7 20. Nc3 Bxc3+ 21.
Kxc3 Nf6 22. Kb2 Rcc8 23. Rg5 fxe4 24. fxe4 h6 25. Rgg1 Rh8 26. Rcf1 Rag8 27.
Bh5+ Kf8 28. Rxg8+ Kxg8 29. Rg1+ Kf8 30. Bf3 Nd7 31. Kc3 h5 32. Bd4 Rh7 33. e5
Nxe5 34. Bxe5 dxe5 35. Bxb7 Bg4 36. Rf1+ Kg7 37. Bxa6 Rh6 38. Bb7 Rb6 39. Be4
Rf6 40. Re1 Bf3 41. a4 Rf4 42. Bxf3 Rxf3+ 43. Kb4 Kf6 44. a5 1-0

[Event "Moscow Open A 2015"]
[Site "Moscow RUS"]
[Date "2015.02.05"]
[Round "6.35"]
[White "Khanin, Semen"]
[Black "Ulko, Jaroslav"]
[Result "0-1"]
[BlackTitle "IM"]
[WhiteElo "2387"]
[BlackElo "2482"]
[WhiteFideId "4111990"]
[BlackFideId "4116658"]
[EventDate "2015.01.31"]

1. e4 c5 2. Nf3 e6 3. d4 cxd4 4. Nxd4 a6 5. Bd3 Qc7 6. O-O Nf6 7. Qe2 d6 8. c4
b6 9. b3 Bb7 10. Bb2 Nbd7 11. Nd2 Ne5 12. f4 Nxd3 13. Qxd3 Be7 14. Rae1 O-O 15.
Kh1 Rad8 16. Qg3 Qc5 17. e5 dxe5 18. Rxe5 Qc7 19. Rfe1 Ne8 20. Ne4 Bxe4 21.
R5xe4 Bf6 22. Qg4 Qc5 23. Rd1 b5 24. cxb5 Nd6 25. Ree1 Nxb5 26. b4 Qxb4 27. Nxb5
Bxb2 28. Nc7 Qc4 29. Rb1 Rd2 30. Red1 Rfd8 31. Rxd2 Rxd2 32. Na8 Qe4 0-1

[Event "Moscow Open A 2015"]
[Site "Moscow RUS"]
[Date "2015.02.05"]
[Round "6.36"]
[White "Badmatsyrenov, Oleg"]
[Black "Zude, Erik"]
[Result "1-0"]
[WhiteTitle "IM"]
[BlackTitle "IM"]
[WhiteElo "2481"]
[BlackElo "2378"]
[WhiteFideId "24115762"]
[BlackFideId "4604644"]
[EventDate "2015.01.31"]

1. e4 e5 2. Nf3 d6 3. d4 exd4 4. Nxd4 Nf6 5. Nc3 Be7 6. Bf4 O-O 7. Qd2 Nc6 8.
O-O-O Nxd4 9. Qxd4 Be6 10. f3 a6 11. g4 b5 12. h4 c5 13. Qd2 b4 14. Nd5 Nxd5 15.
exd5 Bd7 16. h5 Re8 17. Bd3 Qc8 18. Rde1 Bf8 19. Rxe8 Bxe8 20. g5 Bd7 21. g6 Bf5
22. gxf7+ Kxf7 23. Re1 Qd7 24. Re6 Bxd3 25. Qxd3 Kg8 26. Qf5 Qf7 27. Qe4 Qd7 28.
Qf5 Qf7 29. Qxf7+ Kxf7 30. Bxd6 Rd8 31. Bxf8 Rxd5 32. Rd6 Rxh5 33. Rd8 Rh1+ 34.
Kd2 Rh2+ 35. Kd3 c4+ 36. Kxc4 Rxc2+ 37. Kb3 Rf2 38. Bc5 Rxf3+ 39. Kxb4 Rg3 40.
Rd7+ Ke8 41. Re7+ Kd8 42. Ra7 h5 43. Rxa6 h4 44. Ra8+ Kd7 45. Rh8 g5 46. a4 h3
47. a5 Rg2 48. a6 1-0

[Event "Moscow Open A 2015"]
[Site "Moscow RUS"]
[Date "2015.02.05"]
[Round "6.37"]
[White "Gordievsky, Dmitry"]
[Black "Mirzoev, Emil"]
[Result "1-0"]
[WhiteTitle "FM"]
[WhiteElo "2479"]
[BlackElo "2362"]
[WhiteFideId "24112798"]
[BlackFideId "14108640"]
[EventDate "2015.01.31"]

1. d4 Nf6 2. c4 d6 3. Nf3 Nbd7 4. Nc3 c6 5. e4 e5 6. Be2 Be7 7. O-O O-O 8. Be3
Ng4 9. Bd2 Qe8 10. d5 Bd8 11. b4 a6 12. dxc6 bxc6 13. Bc1 Qe7 14. Nd2 Ngf6 15.
Nb3 Bc7 16. a4 Rd8 17. b5 Bb7 18. Qc2 axb5 19. cxb5 Rdc8 20. b6 Bd8 21. a5 Nb8
22. Rd1 h6 23. Ra4 c5 24. Qd2 Ne8 25. Bc4 Na6 26. Nd5 Qd7 27. Ra3 Nb8 28. Qd3
Ba6 29. h3 Qb7 30. Bxa6 Rxa6 31. Nd2 Nc6 32. Nc4 Rca8 33. Bd2 Kf8 34. Rf1 Kg8
35. Kh2 Nd4 36. f4 exf4 37. Bxf4 Qc6 38. Rb1 Kh8 39. Ra2 Qd7 40. b7 Rb8 41. Nxd6
Rxd6 42. a6 Nc6 43. Qb5 Nc7 44. Qxc5 Rg6 45. a7 Nxa7 46. Qxa7 Nxd5 47. Qxb8 Nb6 1-0

[Event "Moscow Open A 2015"]
[Site "Moscow RUS"]
[Date "2015.02.05"]
[Round "6.38"]
[White "Wan, Yunguo"]
[Black "Yandemirov, Valeri"]
[Result "1/2-1/2"]
[WhiteTitle "IM"]
[BlackTitle "GM"]
[WhiteElo "2472"]
[BlackElo "2365"]
[WhiteFideId "8603189"]
[BlackFideId "4102622"]
[EventDate "2015.01.31"]

1. e4 e6 2. d4 d5 3. Nc3 dxe4 4. Nxe4 Nd7 5. Nf3 Ngf6 6. Nxf6+ Nxf6 7. Be3 Be7
8. Bd3 O-O 9. Qe2 b6 10. O-O-O Bb7 11. Ne5 c5 12. h4 cxd4 13. Bxd4 Qc7 14. h5
Bc5 15. Bxc5 Qxc5 16. Rhe1 Rad8 17. Kb1 Rd4 18. c3 Rd6 19. g4 Rfd8 20. Kc1 h6
21. f4 Nd5 22. Qe4 f5 23. gxf5 Nxc3 24. Qxb7 Nxd1+ 25. Kb1 Rxd3 26. Qf7+ Kh8 27.
Nxd3 Nc3+ 28. bxc3 Qxc3 29. Rd1 Rc8 30. Ne1 Qb4+ 31. Ka1 Qc3+ 32. Kb1 Qb4+ 1/2-1/2

[Event "Moscow Open A 2015"]
[Site "Moscow RUS"]
[Date "2015.02.05"]
[Round "6.39"]
[White "Airapetian, Gor"]
[Black "Khegay, Dmitriy"]
[Result "0-1"]
[WhiteTitle "IM"]
[BlackTitle "FM"]
[WhiteElo "2470"]
[BlackElo "2370"]
[WhiteFideId "4177916"]
[BlackFideId "24153729"]
[EventDate "2015.01.31"]

1. d4 Nf6 2. c4 e6 3. Nf3 b6 4. g3 Ba6 5. b3 Bb4+ 6. Bd2 Be7 7. Nc3 O-O 8. Rc1
c6 9. e4 d5 10. e5 Ne4 11. Bd3 Nxc3 12. Rxc3 c5 13. dxc5 bxc5 14. h4 g6 15. O-O
d4 16. Rc1 Bb7 17. Ng5 Nd7 18. Re1 Qc7 19. Qe2 a5 20. Rb1 Rfb8 21. Be4 Bxg5 22.
Bxg5 Qxe5 23. Qd3 Bxe4 24. Rxe4 Qd6 25. h5 e5 26. hxg6 Qxg6 27. Qf3 h5 28. Bd2
Nf6 29. Ree1 e4 30. Qh1 Re8 31. Bf4 Ra6 32. Qh4 Rae6 33. Kg2 Kg7 34. a3 Ng4 35.
b4 e3 36. fxe3 axb4 37. axb4 Nxe3+ 38. Bxe3 Rxe3 39. Rxe3 Rxe3 40. Rf1 Re2+ 41.
Rf2 Qc6+ 42. Kf1 Rxf2+ 43. Kxf2 cxb4 44. Qxh5 b3 45. Qe2 Qe6 0-1

[Event "Moscow Open A 2015"]
[Site "Moscow RUS"]
[Date "2015.02.05"]
[Round "6.40"]
[White "Yilmazyerli, Mert"]
[Black "Bublei, Pavel"]
[Result "1/2-1/2"]
[WhiteTitle "IM"]
[BlackTitle "FM"]
[WhiteElo "2465"]
[BlackElo "2354"]
[WhiteFideId "6305962"]
[BlackFideId "24112593"]
[EventDate "2015.01.31"]

1. e4 c6 2. Ne2 d5 3. e5 c5 4. d4 Nc6 5. c3 e6 6. Nd2 Nge7 7. Nf3 Ng6 8. h4 h5
9. g3 Qa5 10. Bd2 Qb6 11. Rb1 Bd7 12. b4 cxd4 13. cxd4 Rc8 14. Bh3 Bxb4 15. O-O
Qa5 16. Bxb4 Nxb4 17. Qd2 Rc4 18. Rfc1 Rxc1+ 19. Qxc1 Qxa2 20. Rxb4 Qxe2 21.
Rxb7 O-O 22. Qe3 Qd1+ 23. Kh2 Bc6 24. Rc7 Bb5 25. Ng5 Nh8 26. Bxe6 fxe6 27. Nxe6
Nf7 28. Qf4 Qg4 29. Qxg4 hxg4 30. Nxf8 Kxf8 31. Rxa7 Nd8 32. Ra5 Bc4 33. Ra8 Ke7
34. Ra7+ Kf8 35. Ra8 Ke7 36. Ra7+ Kf8 37. Ra8 Ke7 1/2-1/2

[Event "Moscow Open A 2015"]
[Site "Moscow RUS"]
[Date "2015.02.05"]
[Round "6.41"]
[White "Gorozhanin, Mikhail"]
[Black "Mokshanov, Alexey"]
[Result "0-1"]
[WhiteTitle "FM"]
[BlackTitle "IM"]
[WhiteElo "2370"]
[BlackElo "2460"]
[WhiteFideId "4178262"]
[BlackFideId "24121657"]
[EventDate "2015.01.31"]

1. d4 d5 2. c4 e6 3. Nc3 c6 4. e3 Nf6 5. Nf3 Nbd7 6. Qc2 Bd6 7. Bd3 O-O 8. O-O
dxc4 9. Bxc4 a6 10. a4 c5 11. h3 Qc7 12. Ba2 cxd4 13. exd4 b6 14. Bb1 Bb7 15.
Ng5 h6 16. Nge4 Nxe4 17. Nxe4 Bh2+ 18. Kh1 Qxc2 19. Bxc2 Bc7 20. Bd2 Rfd8 21.
Bb4 Nb8 22. Rfd1 Nc6 23. Bc3 a5 24. Ng3 Ne7 25. Nf1 Nd5 26. Ne3 Rac8 27. Bb3 Bf4
28. Bd2 Nf6 29. Nf5 Bxd2 30. Ne7+ Kf8 31. Nxc8 Ne4 32. Nxb6 Nxf2+ 33. Kh2 Nxd1
34. Rxd1 Rxd4 35. g3 Bf3 36. Rf1 Bh5 37. Kg2 Rb4 38. Nc4 Rxb3 39. Nxd2 Rxb2 40.
Rf2 Bg6 41. h4 f6 42. Kg1 e5 43. Nc4 Rb1+ 44. Kh2 Be4 45. g4 Ke7 46. Nxa5 Rb4
47. Rd2 Ke6 48. Rd8 Bd5 49. Rc8 Rxa4 0-1

[Event "Moscow Open A 2015"]
[Site "Moscow RUS"]
[Date "2015.02.05"]
[Round "6.42"]
[White "Sanal, Vahap"]
[Black "Kotenko, Pavel"]
[Result "1-0"]
[WhiteTitle "IM"]
[BlackTitle "IM"]
[WhiteElo "2460"]
[BlackElo "2359"]
[WhiteFideId "6300545"]
[BlackFideId "4130219"]
[EventDate "2015.01.31"]

1. e4 e5 2. Nf3 Nc6 3. Bb5 a6 4. Ba4 d6 5. d4 Bd7 6. c3 g6 7. O-O Bg7 8. Be3 Nf6
9. dxe5 Nxe5 10. Nxe5 dxe5 11. Nd2 O-O 12. Bb3 Qe7 13. h3 Bb5 14. Re1 Rad8 15.
a4 Bd3 16. Qf3 Nd7 17. Rad1 b5 18. a5 c5 19. Bd5 c4 20. b3 cxb3 21. Nxb3 Bc4 22.
Bxc4 bxc4 23. Nd2 Qe6 24. Rb1 Rb8 25. Qe2 Rfc8 26. Rxb8 Nxb8 27. Rb1 Nd7 28. Rb4
Bf8 29. Rxc4 Rxc4 30. Nxc4 Qc6 31. Qd3 f6 32. Nb6 Nb8 33. Qd8 Qd6 34. Qc8 Kf7
35. Qb7+ Kg8 36. Nd5 f5 37. Bc5 Qc6 38. Ne7+ Bxe7 39. Qxb8+ Kf7 40. Bxe7 Qxc3
41. Qf8+ Ke6 42. Qf6+ Kd7 43. Qd6+ Ke8 44. Bg5 1-0

[Event "Moscow Open A 2015"]
[Site "Moscow RUS"]
[Date "2015.02.05"]
[Round "6.43"]
[White "Kanmazalp, Ogulcan"]
[Black "Sanzhaev, Darsen"]
[Result "0-1"]
[WhiteTitle "IM"]
[BlackTitle "FM"]
[WhiteElo "2457"]
[BlackElo "2357"]
[WhiteFideId "6304990"]
[BlackFideId "24120030"]
[EventDate "2015.01.31"]

1. e4 c5 2. Nf3 e6 3. d4 cxd4 4. Nxd4 Nc6 5. Nc3 Qc7 6. Be2 Nf6 7. Be3 Be7 8. f4
d6 9. Qd2 O-O 10. O-O-O a6 11. g4 b5 12. g5 Nd7 13. a3 Bb7 14. f5 Nxd4 15. Bxd4
exf5 16. exf5 Bxh1 17. Rxh1 Qd8 18. Rg1 d5 19. Nxd5 Bc5 20. f6 g6 21. Bf3 Rc8
22. Bxc5 Rxc5 23. Rd1 Kh8 24. Ne7 Qc7 25. Kb1 Ne5 26. Be2 Nc4 27. Qd4 Qe5 28.
Qxe5 Rxe5 29. Bxc4 bxc4 30. h4 h6 31. Rg1 Kh7 32. Rg4 Rc5 33. Rd4 a5 34. Kc1 Rb8
35. Rd5 Rxd5 36. Nxd5 hxg5 37. hxg5 Rb5 38. Ne3 c3 0-1

[Event "Moscow Open A 2015"]
[Site "Moscow RUS"]
[Date "2015.02.05"]
[Round "6.44"]
[White "Barsov, Alexei"]
[Black "Natacheev, Peter"]
[Result "1/2-1/2"]
[WhiteTitle "GM"]
[BlackTitle "FM"]
[WhiteElo "2455"]
[BlackElo "2308"]
[WhiteFideId "14200082"]
[BlackFideId "4191854"]
[EventDate "2015.01.31"]

1. d4 d5 2. c4 c6 3. cxd5 cxd5 4. Bf4 Nc6 5. e3 Nf6 6. Nc3 Bf5 7. Nf3 Qb6 8. Bb5
e6 9. Ne5 a6 10. Bxc6+ bxc6 11. O-O Bd6 12. Nc4 dxc4 13. Bxd6 Bd3 14. Re1 Qxb2
15. Na4 Qb5 16. f3 Rd8 17. Bc7 Rc8 18. Be5 Nd7 19. Bd6 f6 20. Nc3 Qa5 21. Ne2
Qd5 22. Ba3 e5 23. Nc1 Bg6 24. Ne2 Bd3 25. Nc1 Bg6 26. Ne2 Bd3 1/2-1/2

[Event "Moscow Open A 2015"]
[Site "Moscow RUS"]
[Date "2015.02.05"]
[Round "6.45"]
[White "Krapivin, Alexander"]
[Black "Palachev, Petr"]
[Result "1/2-1/2"]
[WhiteTitle "GM"]
[BlackTitle "FM"]
[WhiteElo "2443"]
[BlackElo "2300"]
[WhiteFideId "4154720"]
[BlackFideId "24129003"]
[EventDate "2015.01.31"]

1. g3 d5 2. Bg2 Nf6 3. Nf3 c6 4. O-O Bg4 5. d3 Nbd7 6. Bf4 e6 7. Nbd2 Bc5 8. c4
O-O 9. d4 Be7 10. Qb3 Qb6 11. Qxb6 axb6 12. a3 h6 13. h3 Bf5 14. g4 Bh7 15. Rac1
Ne4 16. Rfd1 Ra4 17. Nxe4 Bxe4 18. Nd2 Bxg2 19. Kxg2 Rd8 20. e3 Ra6 21. Rc3 dxc4
22. Nxc4 Nf6 23. Bc7 Nd5 24. Bxd8 Nxc3 25. Rd3 Bxd8 26. Rxc3 Bc7 27. Nd2 Ra8 28.
f4 Kf8 29. Nf3 Ke7 30. Rc1 Bd6 31. Ne5 Bxe5 32. fxe5 b5 33. Kf3 Rf8 34. Ke2 Ra8
35. Kd3 Ra4 36. h4 Ra8 37. Rg1 Ra4 38. g5 hxg5 39. hxg5 b4 40. axb4 Rxb4 41. Kc3
Ra4 42. Rh1 Ra8 43. Rh7 g6 44. Rh1 b6 45. Kb3 Kd7 46. Kc2 Ke7 47. Kb1 Kd7 48. b3
Ke7 49. Rh2 Ra3 50. Kb2 Ra8 51. Rh1 Kd7 52. Rf1 Ke7 53. Ra1 Rxa1 54. Kxa1 Kd7
55. Kb2 c5 56. Ka3 Kc7 57. Ka4 Kc6 58. dxc5 bxc5 59. e4 Kb6 60. b4 c4 61. b5 c3
62. Kb3 Kxb5 63. Kxc3 Kc5 64. Kd3 Kb4 65. Kd4 Kb5 66. Kd3 Kb4 67. Kd4 Kb5 68.
Kd3 1/2-1/2

[Event "Moscow Open A 2015"]
[Site "Moscow RUS"]
[Date "2015.02.05"]
[Round "6.46"]
[White "Sadovsky, Artem"]
[Black "Kukhmazov, Arsen"]
[Result "0-1"]
[BlackTitle "FM"]
[WhiteElo "2362"]
[BlackElo "2434"]
[WhiteFideId "4155840"]
[BlackFideId "24108260"]
[EventDate "2015.01.31"]

1. g3 d5 2. Bg2 e5 3. c4 d4 4. d3 Nc6 5. Nf3 Bb4+ 6. Nbd2 a5 7. O-O Nf6 8. a3
Be7 9. Rb1 a4 10. b3 axb3 11. Rxb3 O-O 12. Qc2 Nd7 13. Rb5 Ra7 14. a4 b6 15. Ne1
Nb4 16. Qb3 Na6 17. a5 Nac5 18. axb6 Nxb6 19. Qc2 Bd7 20. Rb2 Ba4 21. Qb1 Bd1
22. Ne4 Nxe4 23. Bxe4 Na4 24. Qa1 Bc5 25. Rb5 Nc3 26. Ra5 Rxa5 27. Qxa5 Bb6 28.
Qxe5 Re8 29. Qf5 Nxe4 30. dxe4 Bxe2 31. Nf3 Bxf1 32. Kxf1 Qf6 33. Qxf6 gxf6 34.
Ke2 Rxe4+ 35. Kd3 Re8 36. g4 c5 37. Bh6 Bc7 38. h4 Ra8 39. Ke4 Ra2 40. Nd2 Ba5
41. Nb3 Bb4 42. f3 Rc2 43. Kd5 d3 0-1

[Event "Moscow Open A 2015"]
[Site "Moscow RUS"]
[Date "2015.02.05"]
[Round "6.47"]
[White "Kopylov, Alexander A."]
[Black "Lomasov, Semen"]
[Result "1/2-1/2"]
[WhiteTitle "IM"]
[BlackTitle "FM"]
[WhiteElo "2420"]
[BlackElo "2305"]
[WhiteFideId "4164857"]
[BlackFideId "24164879"]
[EventDate "2015.01.31"]

1. e4 e6 2. d4 d5 3. exd5 exd5 4. c4 Nf6 5. Nc3 Nc6 6. Nf3 Bg4 7. c5 Bxf3 8.
gxf3 g6 9. Bb5 Qe7+ 10. Be3 Bg7 11. Qa4 Qe6 12. O-O-O O-O 13. Rhe1 a6 14. Bxc6
bxc6 15. Ne2 Rfb8 16. Nf4 Qd7 17. Nd3 Rb5 18. Ne5 Qh3 19. Rd3 Nh5 20. Qd1 Bxe5
21. dxe5 Qxh2 22. e6 fxe6 23. Bd4 Nf4 24. Ra3 Qh6 25. Kb1 Qf8 26. Ka1 Qf7 27.
Qd2 Kf8 28. Be5 Nh5 29. Qh6+ Ke8 30. Bxc7 Qg7 31. Qd2 Qxc7 32. Rxe6+ Kf7 33.
Rae3 Ng7 34. Re7+ Qxe7 35. Rxe7+ Kxe7 36. Qf4 Rxc5 37. Qb4 Kd6 38. Qf4+ Ke7 39.
Qb4 Kd6 40. Qf4+ 1/2-1/2

[Event "Moscow Open A 2015"]
[Site "Moscow RUS"]
[Date "2015.02.05"]
[Round "6.48"]
[White "Batyuk, Artem"]
[Black "Alikulov, Elbek"]
[Result "0-1"]
[BlackTitle "FM"]
[WhiteElo "2306"]
[BlackElo "2418"]
[WhiteFideId "34115088"]
[BlackFideId "14203308"]
[EventDate "2015.01.31"]

1. d4 Nf6 2. Nf3 g6 3. Bf4 Bg7 4. e3 d6 5. h3 O-O 6. Be2 Nbd7 7. O-O b6 8. c3
Bb7 9. Nbd2 Ne8 10. a4 e5 11. Bh2 a5 12. Qb3 Qe7 13. Nc4 Kh8 14. Rad1 e4 15. Ne1
f5 16. Na3 g5 17. Nac2 Nef6 18. c4 g4 19. Bf4 Nh5 20. hxg4 fxg4 21. g3 Ndf6 22.
Ng2 Rae8 23. Qb5 Bc8 24. c5 Nxf4 25. exf4 dxc5 26. dxc5 Qxc5 27. Qxc5 bxc5 28.
Nce3 Rd8 29. Rc1 Nd7 30. b3 h5 31. Bb5 Bb2 32. Rc4 Bd4 33. Rfc1 Nf6 34. R4c2 Be6
35. Bc4 Bd7 36. Rd1 Ne8 37. Kf1 Nd6 38. Ke2 Kg7 39. Rcd2 Rb8 40. Rxd4 cxd4 41.
Rxd4 Bc6 42. Be6 Kf6 43. f5 Kg5 44. Rd2 Rb6 45. Rc2 Rfb8 46. Rc5 Nb7 47. Rc2 Nd8
48. Rc5 Be8 49. Rxa5 Nxe6 50. fxe6+ Kh6 51. Nf5+ Kh7 52. Rc5 Rxe6 53. Rxc7+ Kg6
54. Nd4 Rd6 55. Nf4+ Kf6 56. Ke3 Rb4 57. Nfe2 Bf7 58. Rc3 Rdb6 59. a5 Rd6 60.
Rc5 Bg6 61. Rc7 Rxb3+ 62. Nc3 Ra3 63. Rc5 Ra6 64. Kf4 R3xa5 65. Nd5+ Kg7 66.
Rc7+ Kh6 67. Ke5 Ra8 68. Ne6 Re8 69. Rd7 h4 70. gxh4 e3 71. Kf6 exf2 72. Ne3
f1=Q+ 0-1

[Event "Moscow Open A 2015"]
[Site "Moscow RUS"]
[Date "2015.02.05"]
[Round "6.49"]
[White "Oganisian, Roman"]
[Black "Naumkin, Igor"]
[Result "0-1"]
[WhiteTitle "FM"]
[BlackTitle "GM"]
[WhiteElo "2304"]
[BlackElo "2408"]
[WhiteFideId "4153006"]
[BlackFideId "4101715"]
[EventDate "2015.01.31"]

1. e4 e6 2. d4 d5 3. Nc3 Nf6 4. e5 Nfd7 5. f4 c5 6. Nf3 Nc6 7. Be3 a6 8. Qd2 Be7
9. g4 O-O 10. g5 b5 11. Ne2 b4 12. Ng3 cxd4 13. Nxd4 Nxd4 14. Bxd4 a5 15. h4 Ba6
16. f5 Qc7 17. f6 Nxe5 18. O-O-O Bc5 19. fxg7 Rfc8 20. Bxc5 Qxc5 21. Nh5 a4 22.
g6 hxg6 23. Bxa6 Rxa6 24. Rh2 gxh5 25. Qh6 Ng6 26. Rg2 a3 27. Rd3 axb2+ 28. Kxb2
Qc4 0-1

[Event "Moscow Open A 2015"]
[Site "Moscow RUS"]
[Date "2015.02.05"]
[Round "6.50"]
[White "Kezin, Roman"]
[Black "Babikov, Ivan"]
[Result "1-0"]
[WhiteTitle "FM"]
[BlackTitle "FM"]
[WhiteElo "2408"]
[BlackElo "2279"]
[WhiteFideId "24124621"]
[BlackFideId "4161106"]
[EventDate "2015.01.31"]

1. d4 d5 2. c4 e6 3. Nf3 Nf6 4. g3 Be7 5. Bg2 O-O 6. O-O Nbd7 7. Qc2 c6 8. Nbd2
b6 9. e4 dxe4 10. Nxe4 Bb7 11. Rd1 Nxe4 12. Qxe4 Nf6 13. Qc2 Qc8 14. c5 Rd8 15.
Bf4 h6 16. Ne5 Nd5 17. Bd2 Qc7 18. Re1 Bf8 19. b4 Re8 20. Rac1 Rad8 21. h4 b5
22. Re4 Re7 23. g4 Nf6 24. Rf4 Nd7 25. Ng6 Ree8 26. Nxf8 Nxf8 27. Re4 e5 28.
dxe5 Ng6 29. h5 Nxe5 30. Rce1 Qb8 31. Bf4 f6 32. Qc3 Qc8 33. Bxe5 Rxe5 34. Rxe5
fxe5 35. Bf3 Qd7 36. Qxe5 Rf8 37. Kg2 Qf7 38. Qe6 Qxe6 39. Rxe6 Kf7 40. Rd6 Ke7
41. Bxc6 Bxc6+ 42. Rxc6 Rf4 43. a3 a5 44. Kg3 Rc4 45. bxa5 Ra4 46. a6 Rxa3+ 47.
f3 b4 48. Rc7+ Kf6 49. Rb7 b3 50. c6 Ke6 51. a7 b2 52. Rxb2 Rxa7 53. Rb7 1-0

[Event "Moscow Open A 2015"]
[Site "Moscow RUS"]
[Date "2015.02.05"]
[Round "6.51"]
[White "Lkhamsuren, Uuganbayar"]
[Black "Korchmar, Vasiliy"]
[Result "1/2-1/2"]
[WhiteTitle "WFM"]
[BlackTitle "FM"]
[WhiteElo "2106"]
[BlackElo "2405"]
[WhiteFideId "4901347"]
[BlackFideId "24131750"]
[EventDate "2015.01.31"]

1. d4 Nf6 2. c4 e6 3. g3 c5 4. d5 exd5 5. cxd5 d6 6. Nc3 g6 7. Nf3 Bg7 8. Bg2
O-O 9. O-O Re8 10. Bf4 Na6 11. Re1 Bf5 12. Nd2 Nh5 13. e4 Nxf4 14. gxf4 Bc8 15.
Nc4 Bxc3 16. bxc3 b5 17. Na3 Rb8 18. c4 Nc7 19. e5 Bf5 20. cxb5 Nxb5 21. Nc4 Qh4
22. Qc1 dxe5 23. fxe5 Bh3 24. Re4 Qh5 25. Bxh3 Qxh3 26. Qe3 Qh5 27. Kg2 Nd4 28.
Nd6 Nf5 29. Nxf5 gxf5 30. Rf4 Rbd8 31. Kh1 Rxd5 32. Qg3+ Qg6 33. Rxf5 Qxg3 34.
hxg3 Rexe5 35. Rxe5 Rxe5 36. Rc1 Kf8 37. Rc4 Ke7 38. f4 Rd5 39. Kg2 Kd6 40. Ra4
Kc6 41. Rxa7 c4 42. Ra8 Kb5 43. Kf3 Kb4 44. Ke4 Rd7 45. Rc8 Kc3 46. g4 Ra7 47.
Ke5 Rd7 48. Ke4 Re7+ 49. Kd5 Rd7+ 50. Ke4 Ra7 1/2-1/2

[Event "Moscow Open A 2015"]
[Site "Moscow RUS"]
[Date "2015.02.05"]
[Round "6.52"]
[White "Ali, Muhammad Lutfi"]
[Black "Drygalov, Sergey"]
[Result "1/2-1/2"]
[WhiteTitle "FM"]
[WhiteElo "2404"]
[BlackElo "2269"]
[WhiteFideId "7103743"]
[BlackFideId "24171743"]
[EventDate "2015.01.31"]

1. e4 c5 2. Nf3 e6 3. g3 Nc6 4. Bg2 e5 5. O-O g6 6. d3 Bg7 7. c3 d6 8. a3 a5 9.
a4 Nge7 10. Na3 O-O 11. Be3 b6 12. Re1 d5 13. exd5 Nxd5 14. Bg5 Qd7 15. Qb3 Rb8
16. Nc4 f6 17. Ne3 fxg5 18. Nxg5 Ne7 19. Nxd5 Kh8 20. Rad1 Nf5 21. Ne3 Nxe3 22.
fxe3 Qe7 23. Ne4 Bg4 24. Rd2 Bh6 25. Rf2 Bf5 26. Qc2 Bxe4 27. Bxe4 Rxf2 28. Qxf2
Rf8 29. Qe2 Qd7 30. b3 Qf7 31. c4 Qf6 32. Kg2 Kg7 33. h4 Kh8 34. Rh1 Bg7 35. Rh3
Rf7 36. Rh1 Rf8 37. Rh3 Rf7 38. Rh1 Rf8 39. Rh3 Rf7 40. Bd5 Rf8 41. Rh1 1/2-1/2

[Event "Moscow Open A 2015"]
[Site "Moscow RUS"]
[Date "2015.02.05"]
[Round "6.53"]
[White "Swayams, Mishra"]
[Black "Drygalov, Andrey"]
[Result "1/2-1/2"]
[WhiteTitle "IM"]
[WhiteElo "2480"]
[BlackElo "2162"]
[WhiteFideId "5028183"]
[BlackFideId "24171735"]
[EventDate "2015.01.31"]

1. Nf3 Nf6 2. d4 d5 3. c4 c6 4. Nc3 e6 5. Bg5 h6 6. Bxf6 Qxf6 7. e3 Nd7 8. Bd3
dxc4 9. Bxc4 g6 10. O-O Bg7 11. Bb3 O-O 12. Rc1 Qe7 13. Qe2 b6 14. Rfd1 Bb7 15.
e4 Rfd8 16. a3 Rab8 17. h3 Nf8 18. e5 Nd7 19. Re1 c5 20. d5 exd5 21. Nxd5 Bxd5
22. Bxd5 Nf8 23. Rcd1 Ne6 24. Qe4 b5 25. Rd2 Nc7 26. Red1 Nxd5 27. Rxd5 Rxd5 28.
Qxd5 c4 29. Qc6 Qb7 30. Qc5 Rc8 31. Qd5 Qxd5 32. Rxd5 c3 33. bxc3 Rxc3 34. Rxb5
Rxa3 35. Nd4 g5 36. Nf5 Ra1+ 37. Kh2 Re1 38. Ne3 Kh7 39. g3 Kg6 40. Ra5 Rb1 41.
Kg2 Rb2 42. Kf3 Rb4 43. Nd5 Rb2 44. Ra6+ Kh7 45. Rxa7 Bxe5 46. Rxf7+ Kg6 47. Rd7
Rb3+ 48. Ke4 Bxg3 49. fxg3 Rxg3 50. h4 Rg1 51. Rd6+ Kh5 52. Kf3 Rf1+ 53. Kg2 Rf5
54. hxg5 Kxg5 1/2-1/2